Night creatures / (Record no. 5001)

MARC details
000 -LEADER
fixed length control field 00969nam a22002897a 4500
001 - CONTROL NUMBER
control field 5001
003 - CONTROL NUMBER IDENTIFIER
control field FISKH
005 - DATE AND TIME OF LATEST TRANSACTION
control field 20250807154301.0
008 - FIXED-LENGTH DATA ELEMENTS--GENERAL INFORMATION
fixed length control field 241031b cb ||||| |||| 00| 0 eng d
020 ## - INTERNATIONAL STANDARD BOOK NUMBER
International Standard Book Number 9780545057974
040 ## - CATALOGING SOURCE
Original cataloging agency FISKH
Language of cataloging eng
Transcribing agency FISKH
Modifying agency FISKH
050 ## - LIBRARY OF CONGRESS CALL NUMBER
Classification number QL755.C66
082 ## - DEWEY DECIMAL CLASSIFICATION NUMBER
Classification number 591.518
100 ## - MAIN ENTRY--PERSONAL NAME
Personal name Cooper, Wade
Dates associated with a name (1992-)
245 ## - TITLE STATEMENT
Title Night creatures /
Statement of responsibility, etc. Wade Cooper
250 ## - EDITION STATEMENT
Edition statement This edition first printing in 2008
260 ## - PUBLICATION, DISTRIBUTION, ETC.
Place of publication, distribution, etc. New York :
Name of publisher, distributor, etc. Scholastic,
Date of publication, distribution, etc. 2008.
300 ## - PHYSICAL DESCRIPTION
Extent 30 pages :
Other physical details Color illustration ;
Dimensions 23 cm
505 ## - FORMATTED CONTENTS NOTE
Formatted contents note J<br/>
520 ## - SUMMARY, ETC.
Summary, etc. "Simple words and sentences combine with amazing photographs of real-life animals to make this an inspiring early reader that children will love to read together, read with help--and read alone!"--Cover back.
521 8# - TARGET AUDIENCE NOTE
Target audience note 450L<br/>
Source Lexile<br/>
521 8# - TARGET AUDIENCE NOTE
Target audience note J<br/>
Source Raz-plus<br/>
650 ## - SUBJECT ADDED ENTRY--TOPICAL TERM
Source of heading or term Nocturnal
Topical term or geographic name entry element Science
650 ## - SUBJECT ADDED ENTRY--TOPICAL TERM
Source of heading or term Night
Topical term or geographic name entry element Animals
Form subdivision Non-fiction
942 ## - ADDED ENTRY ELEMENTS (KOHA)
Source of classification or shelving scheme Dewey Decimal Classification
Koha item type Books
Suppress in OPAC No
Holdings
Withdrawn status Lost status Source of classification or shelving scheme Damaged status Not for loan Collection Home library Current library Shelving location Date acquired Total Checkouts Full call number Barcode Date last seen Date last checked out Copy number Price effective from Koha item type
    Dewey Decimal Classification     Non-Fiction Footprints International School Library Network Toul Kork Campus Footprints International School Library Network Toul Kork Campus TK Primary Library Room(4th Floor), Bookcase 1&2, Shelves 1-16, Dark Blue Books 10/31/2024 3 COO 591.518 QL755.C66 2024-2263 03/05/2026 02/26/2026 1 10/31/2024 Books
    Dewey Decimal Classification     Non-Fiction Footprints International School Library Network Toul Tom Poung Campus Footprints International School Library Network Toul Tom Poung Campus TTP Primary Dark Blue Bookshelves 08/07/2025   COO 591.518 QL755.C66 2025-3900 08/07/2025   2 08/07/2025 Books
    Dewey Decimal Classification     Non-Fiction Footprints International School Library Network Toul Tom Poung Campus Footprints International School Library Network Toul Tom Poung Campus TTP Primary Dark Blue Bookshelves 10/24/2025   COO 591.518 QL755.C66 2025-4733 10/24/2025   3 10/24/2025 Books